Statistics for NBA Best Role Players in History

Click here to take the quiz!

General Stats

  • This quiz has been taken 47 times
  • The average score is 9 of 15

Answer Stats

Championship Team Known For Answer % Correct
Rockets(94,95), Lakers(00-02), Spurs(05,07)Crucial Playoff Shots, Big Shot BobRobert Horry
90%
Bulls(96-98), Spurs(99,03)Game Winning Shot at the Finals from Jordan's PassSteve Kerr
90%
Lakers(00-02, 09-10)Game Winning shot with 0.4 Sec left against the SpursDerek Fisher
88%
Lakers(87,88)Former no. 1 pick, Klay's FatherMychal Thompson
80%
Heat(06,12-13)Undrafted, Played his whole career with MiamiUdonis Haslem
80%
Spurs(03,05,07)No. 12 Retired by San Antonio, 3 and D LegendBruce Bowen
73%
Bulls(91-93)Game Winning shot at the Finals against PhoenixJohn Paxson
68%
Bulls(91-93)Jordan's Center in his 1st 3peat, 3 RingsBill Cartwright
63%
Lakers(87-88, 00)Played 1,192 Straight Games, Retired as a Virgin, ReligiousA. C. Green
61%
Bulls(96-98), Lakers(00-01)Jordan's Back court partner in second 3-peatRon Harper
59%
Celtics(84,86)Played in MLB & NBA, Sissy, TrashtalkerDanny Ainge
51%
Heat(12-13)6 3-Point FG in Game 7 of the Finals against SpursShane Battier
44%
Pistons(89)Big Man/Rebounder of the Bad Boy PistonsRick Mahorn
37%
Celtics(66,68-69,74,76)6th Man & No. 18 Retired by Boston, HoF CoachDon Nelson
24%
Lakers(00-02)Kobe's Backup, Clutch 3s in Playoffs, 127 Playoff GamesBrian Shaw
10%

Score Distribution

Percentile by Number Answered

Percent of People with Each Score

Your Score History

You have not taken this quiz